Structure Formation in the Universe
Saved in:
| Main Author: | |
|---|---|
| Format: | Book |
| Language: | English |
| Published: |
Cambridge :
Cambridge University Press,
1993
|
| Subjects: | |
| Tags: |
Add Tag
No Tags, Be the first to tag this record!
|
MARC
| LEADER | 00000nam a2200000 i 4500 | ||
|---|---|---|---|
| 001 | 1/39215 | ||
| 008 | 950201s1993 eng d | ||
| 020 | |a 0-521-42486-0 | ||
| 035 | |a 1994 |c ΚΩΤΣΑΚΗΣ |l 10040954 | ||
| 035 | |a 1994 |c ΣΕΙΜΕΝΗΣ | ||
| 040 | |a GR-MY-UA |b gre |e aacr | ||
| 041 | 0 | |a eng | |
| 082 | 0 | |a 523.1 | |
| 100 | 1 | |a Padmanabham, Thanu. | |
| 245 | 1 | 0 | |a Structure Formation in the Universe / |c T. Padmanabham |
| 260 | |a Cambridge : |b Cambridge University Press, |c 1993 | ||
| 300 | |a 483 p.; |c 25 cm. | ||
| 500 | |a Includes bibliographical references and index | ||
| 650 | 0 | 0 | |a Cosmology. |
| 650 | 0 | 0 | |a Astrophysics. |
| 852 | |a INST |b SAMOS |e 19950201 |h 523.1 PAD |p 005300006010 |q 005300006010 |t BK |y 0 | ||
| 852 | |a INST |b SAMOS |e 19950303 |h 523.1 PAD |p 005300006324 |q 005300006324 |t BK |y 0 | ||
| 909 | |a Σ |b 038732 | ||
| 909 | |a Σ |b 037123 | ||